The 2 Closest Neighbours of Island Dependencies (South Atlantic & Indian Ocean) - Statistics

General Stats
  • This quiz has been taken 68 times
  • The average score is 14 of 22
Answer Stats
Hint Answer % Correct
Falkland Islands (UK) Argentina
98%
Falkland Islands (UK) Chile
98%
South Georgia and the South Sandwich Islands (UK) Argentina
82%
South Georgia and the South Sandwich Islands (UK) Chile
78%
Réunion (France) Madagascar
75%
Mayotte (France) Madagascar
73%
Mayotte (France) Comoros
71%
Réunion (France) Mauritius
71%
Bouvet Island (Norway) South Africa
71%
Cocos (Keeling) Islands (Australia) Indonesia
65%
Christmas Island (Australia) Indonesia
65%
Bouvet Island (Norway) Namibia
65%
British Indian Ocean Territory Maldives
61%
Kerguelen Islands (France) Madagascar
57%
St Helena (UK) Angola
55%
Kerguelen Islands (France) South Africa
55%
St Helena (UK) Namibia
53%
British Indian Ocean Territory Sri Lanka
53%
Heard Island and McDonald Islands (Australia) Madagascar
49%
Cocos (Keeling) Islands (Australia) Malaysia
49%
Heard Island and McDonald Islands (Australia) South Africa
45%
Christmas Island (Australia) Singapore
41%
No matching quizzes found
Score Distribution
Percent of People with Each Score
Percentile by Number Answered
Your Score History
You have not taken this quiz